Вып. 7; Источники и ускорители плазмы

Detalhes bibliográficos
Parent link:Источники и ускорители плазмы: межвузовский тематический сборник научных трудов/ Харьковский авиационный институт. Вып. 7.— , 1976-1987
Idioma:russo
Publicado em: 1983
Assuntos:
Formato: MixedMaterials Livro
KOHA link:https://koha.lib.tpu.ru/cgi-bin/koha/opac-detail.pl?biblionumber=297519

MARC

LEADER 00000nam2a2200000 4500
001 297519
005 20231102001021.0
035 |a (RuTPU)RU\TPU\book\322652 
035 |a RU\TPU\book\224908 
090 |a 297519 
100 |a 20150609d1983 k y0rusy50 ca 
101 0 |a rus 
102 |a UA 
105 |a a z 011zy 
200 0 |a Вып. 7 
210 |d 1983 
215 |a 139 с.  |c ил. 
320 |a Библиография в конце статей 
461 1 |0 (RuTPU)RU\TPU\book\243465  |t Источники и ускорители плазмы  |o межвузовский тематический сборник научных трудов  |f Харьковский авиационный институт  |v Вып. 7  |d 1976-1987 
606 1 |a Плазма  |x Ускорения  |2 stltpush  |3 (RuTPU)RU\TPU\subj\48900  |9 67718 
610 1 |a физика 
610 1 |a ускорители 
610 1 |a источники 
610 1 |a исследования 
610 1 |a физические процессы 
610 1 |a диагностика 
610 1 |a плазменные устройства 
610 1 |a узлы 
610 1 |a материалы 
610 1 |a генераторы 
675 |a 533.93  |v 3 
801 1 |a RU  |b 63413507  |c 20060926  |g PSBO 
801 2 |a RU  |b 63413507  |c 20190305  |g PSBO 
942 |c BK